000 00566nam a2200229Ia 4500
003 OSt
005 20221005123029.0
006 a|||||r|||| 00| 0
007 ta
008 221004b |||||||| |||| 00| 0 eng d
024 _a60091
037 _cTextual
040 _aCRL
_cCRL
_beng
041 _2eng
_aeng
082 _aV2:4wM65, H1
100 _aBirdwood Lord
_9633028
245 0 _aKhaki and gown, an autobiography
260 _c1941
650 _aHISTORY
942 _hV2:4wM65, H1
_cTEXL
_2cc
999 _c1046184
_d1046184